000 00489nam a2200181 a 4500
001 13692
003 CO-ViMGA
008 141112s2004 ck r 000 u spa d
020 _a0669045470
040 _aCO-ViMGA
_bspa
_cCO-ViMGA
082 0 4 _a338.27 K645a
245 1 0 _aAfter the second oil crisis
260 _aMassachusetts :
_bLexington Books,
_c1982
300 _a297
650 1 4 _aINDUSTRIA DEL PETROLEO
_919990
650 1 4 _aPETROLEO - ASPECTOS ECONOMICOS
_919991
942 _2ddc
_cBK
999 _c24415
_d24415